[Event "FICGS W-ch st1 gM 01 email"]
[Site "FICGS email"]
[Date "2023.07.04"]
[Round "1"]
[White "Ligon, Scott"]
[Black "Kireev, Sergey Ivanovich"]
[Result "1/2-1/2"]
[WhiteElo "2366"]
[BlackElo "2329"]
[PlyCount "85"]
[EventDate "2023.??.??"]
[EventType "tourn (corr)"]
[EventRounds "6"]
[EventCategory "1"]
[SourceTitle "Corr 2024"]
[Source "ChessBase"]
[SourceDate "2023.10.19"]
[SourceVersion "1"]
[SourceVersionDate "2023.10.19"]
[SourceQuality "1"]

1. e4 e5 2. f4 exf4 3. Bc4 Qh4+ 4. Kf1 Nf6 5. Nf3 Qh6 6. Nc3 d6 7. d4 Be7 8. Kg1 Be6 9. Bd3 Nh5 10. Ne1 g6 11. Be2 Qg7 12. d5 Bd7 13. Bxh5 gxh5 14. h3 Na6 15. Nd3 Rg8 16. Qf3 0-0-0 17. Bxf4 Bh4 18. Kh2 Rde8 19. Rhg1 f5 20. exf5 Bxf5 21. Qxh5 Bxd3 22. Qxh4 Bxc2 23. Bh6 Qe5+ 24. Bf4 Qg7 25. Bh6 Qe5+ 26. Bf4 Qd4 27. Rae1 Bg6 28. Rxe8+ Rxe8 29. Rd1 Qb4 30. Qf2 Nc5 31. Bg3 Qb6 32. h4 Kb8 33. Qf3 a6 34. h5 Bc2 35. Rd2 Qxb2 36. Qf6 Nd3 37. Qf7 Rc8 38. Qf6 Qc1 39. Re2 Rg8 40. Qf7 Rc8 41. Re8 Rxe8 42. Qxe8+ Ka7 43. Qd8 1/2-1/2

[Event "FICGS rapid SM 000028 email"]
[Site "FICGS email"]
[Date "2023.05.05"]
[Round "1"]
[White "Kireev, Sergey Ivanovich"]
[Black "Ligon, Scott"]
[Result "1/2-1/2"]
[WhiteElo "2350"]
[BlackElo "2317"]
[PlyCount "90"]
[EventDate "2023.??.??"]
[EventType "tourn (rapid)"]
[EventRounds "1"]
[SourceTitle "Corr 2024"]
[Source "ChessBase"]
[SourceDate "2023.10.19"]
[SourceVersion "1"]
[SourceVersionDate "2023.10.19"]
[SourceQuality "1"]

1. e4 Nf6 2. e5 Nd5 3. d4 d6 4. Nf3 dxe5 5. Nxe5 c6 6. Be2 Bf5 7. 0-0 Nd7 8. Nf3 e6 9. c4 N5f6 10. Bf4 Be7 11. Nc3 0-0 12. Re1 Qb6 13. Nh4 Qxb2 14. Nxf5 exf5 15. Na4 Qb4 16. Bf1 Rfe8 17. Rb1 Qa5 18. Rxb7 Bf8 19. Re3 Nb6 20. Nxb6 axb6 21. Qb3 Red8 22. Bg5 f4 23. Bxf4 Rxd4 24. Be5 Rd7 25. Bc3 Qf5 26. Qxb6 Rxa2 27. Rf3 Qe6 28. Rxd7 Nxd7 29. Qb1 Ra3 30. Re3 Qxe3 31. fxe3 Rxc3 32. Qf5 Nc5 33. Qe5 Rc1 34. g4 Rd1 35. h4 g6 36. g5 Nb3 37. Kf2 Rd2+ 38. Kf3 Rd6 39. Bg2 Nd2+ 40. Ke2 Nxc4 41. Qc3 Nb6 42. Bxc6 Nd5 43. Qc1 Ne7 44. Bb5 Nf5 45. Bc4 Ng3+ 1/2-1/2

[Event "FICGS rapid SM 000027 email"]
[Site "FICGS email"]
[Date "2022.12.12"]
[Round "1"]
[White "Kireev, Sergey Ivanovich"]
[Black "Wosch, Arkadiusz"]
[Result "1-0"]
[WhiteElo "2345"]
[BlackElo "2301"]
[PlyCount "105"]
[EventDate "2022.??.??"]
[EventType "tourn (rapid)"]
[EventRounds "1"]
[SourceTitle "Corr 2024"]
[Source "ChessBase"]
[SourceDate "2023.10.19"]
[SourceVersion "1"]
[SourceVersionDate "2023.10.19"]
[SourceQuality "1"]

1. e4 e5 2. Nf3 Nc6 3. Bb5 a6 4. Ba4 Nf6 5. 0-0 Be7 6. Re1 b5 7. Bb3 d6 8. c3 0-0 9. h3 Re8 10. a4 Bd7 11. d4 h6 12. Na3 exd4 13. cxd4 Na5 14. Bc2 b4 15. Nb1 Bf8 16. Nbd2 c5 17. b3 cxd4 18. Bb2 Bc8 19. Nxd4 Bb7 20. Re3 g6 21. Qe2 Qb6 22. Rd1 Bg7 23. N2f3 Rac8 24. Bb1 Qc5 25. Nh4 Qh5 26. Ndf3 Qc5 27. Nh2 Nc6 28. Nf1 Rcd8 29. Rc1 Qa5 30. Rd1 Qc5 31. Kh1 a5 32. f4 Qb6 33. Bd3 Nh5 34. Bxg7 Kxg7 35. Bc4 d5 36. exd5 Rxe3 37. Qxe3 Qxe3 38. Nxe3 Ne7 39. d6 Nc6 40. Kg1 Ng3 41. Bb5 Na7 42. Bf1 Ne4 43. Nc4 Nc6 44. Nf3 Nc5 45. Nce5 Nxe5 46. fxe5 Nxb3 47. Bc4 Nc5 48. Nd4 Rf8 49. Kh2 Bc8 50. Bb5 b3 51. Rc1 b2 52. Rb1 f6 53. Nc6 1-0

[Event "FICGS rapid SM 000027 email"]
[Site "FICGS email"]
[Date "2022.12.12"]
[Round "1"]
[White "Ligon, Scott"]
[Black "Kireev, Sergey Ivanovich"]
[Result "1/2-1/2"]
[WhiteElo "2303"]
[BlackElo "2345"]
[PlyCount "83"]
[EventDate "2022.??.??"]
[EventType "tourn (rapid)"]
[EventRounds "1"]
[SourceTitle "Corr 2024"]
[Source "ChessBase"]
[SourceDate "2023.10.19"]
[SourceVersion "1"]
[SourceVersionDate "2023.10.19"]
[SourceQuality "1"]

1. e4 g6 2. d4 Bg7 3. Nc3 d6 4. Be3 Nf6 5. Qd2 a6 6. 0-0-0 Ng4 7. Bg5 c5 8. Nd5 f6 9. Bf4 cxd4 10. h3 Ne5 11. Qxd4 Nbc6 12. Qd2 e6 13. Ne3 b5 14. Qxd6 Qxd6 15. Rxd6 g5 16. Bh2 Bf8 17. Rd2 h5 18. Be2 Bc5 19. Nf3 Ke7 20. Rhd1 Nf7 21. Kb1 Bxe3 22. fxe3 e5 23. Bg3 Be6 24. Be1 h4 25. Nh2 Rhb8 26. Rd5 Bxd5 27. exd5 Ncd8 28. Bb4+ Nd6 29. Bxd6+ Kxd6 30. Ng4 f5 31. Nh6 f4 32. Nf5+ Kc5 33. d6 e4 34. d7 Rb6 35. Bg4 Rf6 36. Rd4 Re6 37. exf4 e3 38. Rd1 gxf4 39. Nxh4 Rf6 40. Nf5 Nc6 41. Ng7 Kb6 42. Kc1 1/2-1/2

[Event "FICGS W-ch st1 gM 01 email"]
[Site "FICGS email"]
[Date "2022.11.02"]
[Round "1"]
[White "Kireev, Sergey Ivanovich"]
[Black "Hybl, Vladislav"]
[Result "1/2-1/2"]
[WhiteElo "2345"]
[BlackElo "2330"]
[PlyCount "76"]
[EventDate "2022.??.??"]
[EventType "tourn (corr)"]
[EventRounds "6"]
[EventCategory "1"]
[SourceTitle "Corr 2024"]
[Source "ChessBase"]
[SourceDate "2023.10.19"]
[SourceVersion "1"]
[SourceVersionDate "2023.10.19"]
[SourceQuality "1"]

1. e4 e5 2. Nf3 Nc6 3. Bb5 a6 4. Ba4 Nf6 5. 0-0 Be7 6. Re1 b5 7. Bb3 0-0 8. a4 Bb7 9. d3 d6 10. Nbd2 Na5 11. Ba2 c5 12. Nf1 b4 13. c3 Rb8 14. cxb4 cxb4 15. Bd2 Ba8 16. Ne3 Re8 17. Rc1 h6 18. Nh4 d5 19. Nhf5 b3 20. Bb1 Nc6 21. Ng4 Bf8 22. Qf3 Nxg4 23. Qxg4 Kh8 24. d4 Nxd4 25. Nxd4 dxe4 26. Rxe4 g6 27. Re3 exd4 28. Rxe8 Qxe8 29. Bd3 Bg7 30. a5 Kg8 31. Bxa6 d3 32. Bc4 Kh7 33. Qf4 Rc8 34. a6 Qe2 35. h4 Rc5 36. Qxf7 Rxc4 37. Rxc4 Qxd2 38. Rc8 Qe1+ 1/2-1/2

[Event "FICGS W-ch st1 gM 01 email"]
[Site "FICGS email"]
[Date "2022.11.02"]
[Round "1"]
[White "Kireev, Sergey Ivanovich"]
[Black "Mesquita Jr, Fausto Monteiro"]
[Result "1/2-1/2"]
[WhiteElo "2345"]
[BlackElo "2305"]
[PlyCount "70"]
[EventDate "2022.??.??"]
[EventType "tourn (corr)"]
[EventRounds "6"]
[EventCategory "1"]
[SourceTitle "Corr 2024"]
[Source "ChessBase"]
[SourceDate "2023.10.19"]
[SourceVersion "1"]
[SourceVersionDate "2023.10.19"]
[SourceQuality "1"]

1. d4 c6 2. e4 d5 3. e5 Bf5 4. Be2 e6 5. Nf3 c5 6. Be3 cxd4 7. Nxd4 Ne7 8. Nd2 Nbc6 9. N2f3 Be4 10. 0-0 a6 11. Rc1 Rc8 12. h3 h6 13. c4 Nxd4 14. Nxd4 dxc4 15. Bxc4 Bd5 16. Qe2 Rxc4 17. Rxc4 Bxc4 18. Qxc4 Nd5 19. Rc1 Be7 20. Qc8 Qxc8 21. Rxc8+ Bd8 22. Rb8 b6 23. Ra8 a5 24. Kf1 0-0 25. Bd2 Be7 26. Rxf8+ Kxf8 27. Ke2 Ke8 28. Kd3 Kd7 29. Ke4 h5 30. f3 Bc5 31. Ne2 Bf2 32. g4 g6 33. gxh5 gxh5 34. f4 Ne7 35. Kf3 Bh4 1/2-1/2

[Event "FICGS class SM 000026 email"]
[Site "FICGS email"]
[Date "2022.10.23"]
[Round "1"]
[White "Kireev, Sergey Ivanovich"]
[Black "Ozen, Bahadir"]
[Result "1/2-1/2"]
[WhiteElo "2328"]
[BlackElo "2254"]
[PlyCount "40"]
[EventDate "2022.??.??"]
[EventType "tourn (corr)"]
[EventRounds "6"]
[EventCategory "7"]
[SourceTitle "Corr 2024"]
[Source "ChessBase"]
[SourceDate "2023.10.19"]
[SourceVersion "1"]
[SourceVersionDate "2023.10.19"]
[SourceQuality "1"]

1. e4 e5 2. Nf3 Nc6 3. Bc4 Bc5 4. a4 Nf6 5. d3 a5 6. Be3 Bxe3 7. fxe3 d5 8. exd5 Nxd5 9. Qe2 0-0 10. 0-0 Be6 11. Nbd2 Qe7 12. e4 Nf4 13. Qe3 f6 14. Rf2 Bxc4 15. Nxc4 Ne6 16. Nh4 Ncd4 17. Raf1 Qd7 18. b3 b5 19. axb5 Qxb5 20. h3 a4 1/2-1/2

[Event "FICGS class SM 000026 email"]
[Site "FICGS email"]
[Date "2022.10.23"]
[Round "1"]
[White "Renette, Hans"]
[Black "Kireev, Sergey Ivanovich"]
[Result "0-1"]
[WhiteElo "2368"]
[BlackElo "2328"]
[PlyCount "24"]
[EventDate "2022.??.??"]
[EventType "tourn (corr)"]
[EventRounds "6"]
[EventCategory "7"]
[SourceTitle "Corr 2024"]
[Source "ChessBase"]
[SourceDate "2023.10.19"]
[SourceVersion "1"]
[SourceVersionDate "2023.10.19"]
[SourceQuality "1"]

1. d4 Nf6 2. Nf3 g6 3. g3 Bg7 4. Bg2 0-0 5. 0-0 d5 6. c3 a5 7. Bf4 Nbd7 8. Re1 a4 9. Nbd2 c5 10. b4 cxd4 11. cxd4 Ne4 12. Rc1 Qb6 0-1

[Event "FICGS class SM 000026 email"]
[Site "FICGS email"]
[Date "2022.10.23"]
[Round "1"]
[White "Wosch, Arkadiusz"]
[Black "Kireev, Sergey Ivanovich"]
[Result "0-1"]
[WhiteElo "2300"]
[BlackElo "2328"]
[PlyCount "58"]
[EventDate "2022.??.??"]
[EventType "tourn (corr)"]
[EventRounds "6"]
[EventCategory "7"]
[SourceTitle "Corr 2024"]
[Source "ChessBase"]
[SourceDate "2023.10.19"]
[SourceVersion "1"]
[SourceVersionDate "2023.10.19"]
[SourceQuality "1"]

1. e4 c5 2. Nf3 d6 3. d4 cxd4 4. Nxd4 Nf6 5. Nc3 a6 6. Bg5 Nbd7 7. Qe2 h6 8. Bh4 g6 9. f4 e5 10. fxe5 dxe5 11. 0-0-0 Qc7 12. Nb3 b5 13. Qf3 Bg7 14. Kb1 0-0 15. Bd3 Rb8 16. g4 b4 17. Nd5 Nxd5 18. exd5 Nc5 19. Nxc5 Qxc5 20. Bg3 Qd6 21. Rhe1 Bd7 22. Qe2 Rfe8 23. Rg1 a5 24. h4 f5 25. gxf5 Qf6 26. Be4 gxf5 27. Rdf1 Bb5 28. Qh5 Bxf1 29. Rxf1 Rf8 0-1

[Event "FICGS rapid SM 000026 email"]
[Site "FICGS email"]
[Date "2022.08.06"]
[Round "1"]
[White "Kireev, Sergey Ivanovich"]
[Black "Markus, Roland"]
[Result "1/2-1/2"]
[WhiteElo "2321"]
[BlackElo "2314"]
[PlyCount "77"]
[EventDate "2022.??.??"]
[EventType "tourn (rapid)"]
[EventRounds "1"]
[SourceTitle "Corr 2024"]
[Source "ChessBase"]
[SourceDate "2023.10.19"]
[SourceVersion "1"]
[SourceVersionDate "2023.10.19"]
[SourceQuality "1"]

1. d4 Nf6 2. Nf3 e6 3. Bf4 d5 4. e3 c5 5. Nbd2 Nc6 6. c3 Bd6 7. Bg3 0-0 8. Bd3 b6 9. e4 Be7 10. e5 Nh5 11. Ng5 Bxg5 12. Qxh5 g6 13. Qe2 cxd4 14. h4 Bxd2+ 15. Qxd2 dxc3 16. Qxc3 Nb8 17. b4 a5 18. b5 Nd7 19. Rd1 Qe7 20. 0-0 Bb7 21. h5 Rac8 22. Qd2 Rfe8 23. hxg6 hxg6 24. Qh6 Qf8 25. Qg5 Qe7 26. Qg4 Kg7 27. f4 Rc3 28. f5 exf5 29. Rxf5 Bc8 30. e6 Nf6 31. Qg5 Qxe6 32. Rf3 d4 33. Rdf1 Rxd3 34. Rxd3 Ne4 35. Qf4 Bd7 36. Rxd4 Nxg3 37. Qxg3 Bxb5 38. Rc1 Qe2 39. Rd6 1/2-1/2

[Event "FICGS rapid SM 000026 email"]
[Site "FICGS email"]
[Date "2022.08.06"]
[Round "1"]
[White "Kireev, Sergey Ivanovich"]
[Black "Wosch, Arkadiusz"]
[Result "1-0"]
[WhiteElo "2321"]
[BlackElo "2300"]
[PlyCount "75"]
[EventDate "2022.??.??"]
[EventType "tourn (rapid)"]
[EventRounds "1"]
[SourceTitle "Corr 2024"]
[Source "ChessBase"]
[SourceDate "2023.10.19"]
[SourceVersion "1"]
[SourceVersionDate "2023.10.19"]
[SourceQuality "1"]

1. e4 c5 2. Nf3 Nc6 3. d4 cxd4 4. Nxd4 Nf6 5. Nc3 d6 6. Bg5 e6 7. Qd2 a6 8. Nxc6 bxc6 9. 0-0-0 h6 10. Bf4 d5 11. Qe3 Bb4 12. Be2 0-0 13. e5 Nd7 14. Qg3 Kh8 15. Qh3 Kh7 16. Bd3+ Kg8 17. Ne2 Be7 18. g4 Nc5 19. Bxh6 Nxd3+ 20. Rxd3 f6 21. Bf4 c5 22. Kb1 c4 23. Rg3 fxe5 24. Bxe5 Bd6 25. Re3 Rb8 26. Qg3 Qb6 27. b3 Bxe5 28. Qxe5 Rb7 29. Qh5 Qd8 30. Re1 Qf6 31. g5 g6 32. gxf6 gxh5 33. Rf3 Rbf7 34. Rg1+ Kh7 35. Rh3 Rxf6 36. Rxh5+ Rh6 37. Rhg5 Rxh2 38. Nd4 1-0

[Event "FICGS W-ch st1 gM 01 email"]
[Site "FICGS email"]
[Date "2022.03.14"]
[Round "1"]
[White "B Oliveira, Marcio"]
[Black "Kireev, Sergey Ivanovich"]
[Result "1/2-1/2"]
[WhiteElo "2314"]
[BlackElo "2331"]
[PlyCount "75"]
[EventDate "2022.??.??"]
[EventType "tourn (corr)"]
[EventRounds "6"]
[EventCategory "1"]
[SourceTitle "Corr 2024"]
[Source "ChessBase"]
[SourceDate "2023.10.19"]
[SourceVersion "1"]
[SourceVersionDate "2023.10.19"]
[SourceQuality "1"]

1. d4 Nf6 2. c4 g6 3. Nc3 d5 4. cxd5 Nxd5 5. e4 Nxc3 6. bxc3 Bg7 7. Nf3 c5 8. Rb1 0-0 9. Be2 cxd4 10. cxd4 Qa5+ 11. Bd2 Qxa2 12. 0-0 Bg4 13. Be3 Nc6 14. d5 Ne5 15. Rxb7 a5 16. Rxe7 a4 17. Bd4 Nxf3+ 18. Bxf3 Bxf3 19. gxf3 Bxd4 20. Qxd4 a3 21. Rb7 Rfb8 22. Rxb8+ Rxb8 23. d6 Qb2 24. Qa7 a2 25. h4 Rb7 26. Qa4 Qb3 27. Qxb3 Rxb3 28. d7 Rd3 29. Ra1 Rxd7 30. Rxa2 Rd4 31. Ra8+ Kg7 32. Ra7 h5 33. Kg2 Kf6 34. Ra1 Kg7 35. Kg3 Kf6 36. Rf1 Rd3 37. Rb1 Ra3 38. Rb4 1/2-1/2

[Event "FICGS W-ch st1 gM 01 email"]
[Site "FICGS email"]
[Date "2022.03.14"]
[Round "1"]
[White "Denisov, Timofey"]
[Black "Kireev, Sergey Ivanovich"]
[Result "1/2-1/2"]
[WhiteElo "2277"]
[BlackElo "2331"]
[PlyCount "135"]
[EventDate "2022.??.??"]
[EventType "tourn (corr)"]
[EventRounds "6"]
[EventCategory "1"]
[SourceTitle "Corr 2024"]
[Source "ChessBase"]
[SourceDate "2023.10.19"]
[SourceVersion "1"]
[SourceVersionDate "2023.10.19"]
[SourceQuality "1"]

1. e4 e5 2. Nf3 Nc6 3. Bc4 Bc5 4. 0-0 Nf6 5. d3 d6 6. c3 a5 7. Re1 0-0 8. h3 h6 9. Nbd2 Be6 10. Bb5 Qb8 11. Bxc6 bxc6 12. d4 exd4 13. cxd4 Bb6 14. a4 Qa7 15. Nb1 Rae8 16. Nc3 Re7 17. Be3 Rfe8 18. Qd2 Bc8 19. e5 dxe5 20. dxe5 Nd7 21. Bf4 Bc5 22. Qc2 Bb4 23. Red1 Nf8 24. Rac1 Qa8 25. Bg3 Rd7 26. Rxd7 Bxd7 27. Kh2 c5 28. Nh4 g5 29. Nf5 Bxc3 30. bxc3 Qc6 31. f4 Qg6 32. Ne3 Qxc2 33. Rxc2 gxf4 34. Bxf4 Kg7 35. Rd2 Bxa4 36. Ra2 Bc6 37. Rxa5 Ne6 38. Bg3 Rb8 39. Ra6 Rb6 40. Ra2 Bb7 41. Nf5+ Kg6 42. Ne7+ Kg7 43. Nf5+ Kg6 44. Rf2 Rb3 45. Bh4 c4 46. Ne7+ Kg7 47. Nf5+ Kg6 48. Ne3 Rxc3 49. Rf6+ Kg7 50. Nf5+ Kg8 51. Nxh6+ Kg7 52. Nf5+ Kg8 53. Rh6 Rc2 54. Ne7+ Kg7 55. Nf5+ Kg8 56. Kg1 Rxg2+ 57. Kf1 Rg6 58. Ne7+ Kg7 59. Nf5+ Kg8 60. Rh5 Bg2+ 61. Kf2 Nf4 62. Ne7+ Kg7 63. Nf5+ Kg8 64. Ne7+ Kg7 65. Bf6+ Rxf6 66. exf6+ Kxf6 67. Rf5+ Kxe7 68. Rxf4 1/2-1/2

[Event "FICGS W-ch st1 gM 01 email"]
[Site "FICGS email"]
[Date "2022.03.14"]
[Round "1"]
[White "Kireev, Sergey Ivanovich"]
[Black "Kerr, Graham"]
[Result "1/2-1/2"]
[WhiteElo "2331"]
[BlackElo "2285"]
[PlyCount "69"]
[EventDate "2022.??.??"]
[EventType "tourn (corr)"]
[EventRounds "6"]
[EventCategory "1"]
[SourceTitle "Corr 2024"]
[Source "ChessBase"]
[SourceDate "2023.10.19"]
[SourceVersion "1"]
[SourceVersionDate "2023.10.19"]
[SourceQuality "1"]

1. e4 c5 2. Nf3 d6 3. d4 cxd4 4. Nxd4 Nf6 5. Nc3 a6 6. Bd3 Nbd7 7. a4 g6 8. Be3 Bg7 9. a5 b5 10. axb6 Nxb6 11. h3 0-0 12. 0-0 Qc7 13. Qd2 Bb7 14. Nb3 d5 15. f3 dxe4 16. fxe4 Nh5 17. Na5 Nd7 18. Ra4 Ne5 19. Nxb7 Qxb7 20. Nd5 Nxd3 21. cxd3 Rad8 22. Rb4 Qd7 23. Rc1 e6 24. Rc7 Qd6 25. Bc5 Qe5 26. Bxf8 Bxf8 27. Qf2 f6 28. d4 Qxe4 29. Nc3 Qd3 30. Rbb7 Bh6 31. Kh2 Be3 32. Qf3 Bf4+ 33. Qxf4 Nxf4 34. Rg7+ Kh8 35. Rxh7+ 1/2-1/2

[Event "FICGS W-ch final email"]
[Site "FICGS email"]
[Date "2022.03.04"]
[Round "1"]
[White "Fric, Lubos"]
[Black "Kireev, Sergey Ivanovich"]
[Result "1/2-1/2"]
[WhiteElo "2359"]
[BlackElo "2331"]
[PlyCount "73"]
[EventDate "2022.??.??"]
[EventType "tourn (corr)"]
[EventRounds "6"]
[EventCategory "5"]
[SourceTitle "Corr 2024"]
[Source "ChessBase"]
[SourceDate "2023.10.19"]
[SourceVersion "1"]
[SourceVersionDate "2023.10.19"]
[SourceQuality "1"]

1. e4 c5 2. Nf3 d6 3. d4 cxd4 4. Nxd4 Nf6 5. Nc3 a6 6. Be3 e5 7. Nb3 Be6 8. f3 h5 9. Nd5 Bxd5 10. exd5 Nbd7 11. Qd2 g6 12. Be2 Bg7 13. 0-0 b6 14. c4 0-0 15. Rae1 a5 16. a4 Re8 17. Kh1 Rc8 18. Qd1 Nc5 19. Nxc5 bxc5 20. b3 e4 21. f4 Bh6 22. Qd2 Nh7 23. f5 Bxe3 24. Qxe3 Re5 25. Rf4 Rxf5 26. Rxf5 gxf5 27. Rf1 Qf6 28. g4 hxg4 29. Bxg4 Qg5 30. Qxg5+ Nxg5 31. Bxf5 Re8 32. Rg1 Kg7 33. Rxg5+ Kf6 34. Bd7 Re7 35. Rf5+ Kg6 36. Bc8 Re8 37. Bd7 1/2-1/2

[Event "FICGS W-ch final email"]
[Site "FICGS email"]
[Date "2022.03.04"]
[Round "1"]
[White "Kireev, Sergey Ivanovich"]
[Black "Parmet, Daniel"]
[Result "1/2-1/2"]
[WhiteElo "2331"]
[BlackElo "2284"]
[PlyCount "58"]
[EventDate "2022.??.??"]
[EventType "tourn (corr)"]
[EventRounds "6"]
[EventCategory "5"]
[SourceTitle "Corr 2024"]
[Source "ChessBase"]
[SourceDate "2023.10.19"]
[SourceVersion "1"]
[SourceVersionDate "2023.10.19"]
[SourceQuality "1"]

1. e4 e5 2. Nf3 Nc6 3. Bb5 Nf6 4. d3 Bc5 5. Ba4 0-0 6. 0-0 d6 7. c3 Ne7 8. Nbd2 Ng6 9. Re1 Bg4 10. h3 Bh5 11. Nf1 Nh4 12. N1h2 Nxf3+ 13. Nxf3 h6 14. g4 Bg6 15. Kg2 Bb6 16. Bc2 Qe7 17. Qe2 a5 18. a4 Nd7 19. d4 c6 20. dxe5 dxe5 21. Bd2 Nc5 22. Rad1 Rad8 23. Be3 Bc7 24. b4 Nxe4 25. Bxe4 Bxe4 26. Bc5 Bxf3+ 27. Qxf3 Bd6 28. Bb6 Bc7 29. bxa5 Rxd1 1/2-1/2

[Event "FICGS W-ch final email"]
[Site "FICGS email"]
[Date "2022.03.04"]
[Round "1"]
[White "Sorbi, Luca"]
[Black "Kireev, Sergey Ivanovich"]
[Result "1/2-1/2"]
[WhiteElo "2271"]
[BlackElo "2331"]
[PlyCount "45"]
[EventDate "2022.??.??"]
[EventType "tourn (corr)"]
[EventRounds "6"]
[EventCategory "5"]
[SourceTitle "Corr 2024"]
[Source "ChessBase"]
[SourceDate "2023.10.19"]
[SourceVersion "1"]
[SourceVersionDate "2023.10.19"]
[SourceQuality "1"]

1. e4 e5 2. Nf3 Nc6 3. Bb5 Nf6 4. 0-0 Nxe4 5. Re1 Nd6 6. Nxe5 Be7 7. Bf1 Nxe5 8. Rxe5 0-0 9. Nc3 Bf6 10. Re1 Re8 11. Nd5 Rxe1 12. Qxe1 b6 13. Nxf6+ Qxf6 14. c3 Bb7 15. d4 Re8 16. Qd2 Bc6 17. b3 Ne4 18. Qe1 d5 19. Be3 Nd6 20. Qc1 Bb5 21. c4 dxc4 22. bxc4 Bd7 23. d5 1/2-1/2

[Event "WC-2021-T-00001"]
[Site "LSS email"]
[Date "2021.10.23"]
[Round "?"]
[White "Kireev, Sergey Ivanovich"]
[Black "Bubir, Alex"]
[Result "1-0"]
[WhiteElo "2403"]
[BlackElo "2490"]
[PlyCount "141"]
[EventDate "2021.10.23"]
[EventType "tourn (corr)"]
[EventRounds "10"]
[EventCountry "GER"]
[SourceTitle "Corr 2024"]
[Source "ChessBase"]
[SourceDate "2023.10.19"]
[SourceVersion "1"]
[SourceVersionDate "2023.10.19"]
[SourceQuality "1"]

1. e4 c5 2. Nf3 Nc6 3. Nc3 Nf6 4. Bb5 Qc7 5. 0-0 Nd4 6. Re1 a6 7. Bf1 Ng4 8. g3 Nxf3+ 9. Qxf3 Ne5 10. Qe2 e6 11. b3 d6 12. Nd1 Be7 13. Bb2 0-0 14. Ne3 b5 15. c3 Bb7 16. d4 Nd7 17. Bg2 Rfe8 18. h4 Rac8 19. Rad1 Bf8 20. h5 h6 21. d5 c4 22. bxc4 bxc4 23. Ba3 exd5 24. exd5 a5 25. Rd4 Ba6 26. Rb1 Ne5 27. Be4 Rcd8 28. Kh2 Bc8 29. Kg2 Qd7 30. Rh1 Ba6 31. Nf5 Rb8 32. g4 Rbc8 33. Bc1 Nd3 34. Qf3 Nc5 35. Bc2 Nd3 36. Bd2 Rb8 37. Bxd3 cxd3 38. c4 Rb2 39. Qxd3 Rxa2 40. Rf4 Re5 41. Rb1 Qc7 42. Nh4 a4 43. Nf3 Bc8 44. Bc3 Ree2 45. Nd2 Re5 46. Ne4 Ra3 47. Qc2 Re8 48. Rb4 Bd7 49. Bb2 Rb3 50. Rxb3 axb3 51. Qc3 Bc8 52. Qxb3 Qb7 53. Qc2 Qe7 54. Qd3 Qd8 55. Bd4 Qe7 56. Bc3 Qd8 57. Qf3 Qe7 58. Bb4 Qd7 59. g5 hxg5 60. Nxg5 f6 61. Ne4 f5 62. Ng3 Be7 63. Nxf5 Bg5 64. Rg4 Qxf5 65. Qxf5 Bxf5 66. Rxg5 Be4+ 67. f3 Bd3 68. Bxd6 Bxc4 69. h6 g6 70. Bf4 Rf8 71. Kg3 1-0

[Event "WC-2021-T-00001"]
[Site "LSS email"]
[Date "2021.10.23"]
[Round "?"]
[White "Kireev, Sergey Ivanovich"]
[Black "Osipov, Anatoly"]
[Result "1/2-1/2"]
[WhiteElo "2403"]
[BlackElo "2439"]
[PlyCount "52"]
[EventDate "2021.10.23"]
[EventType "tourn (corr)"]
[EventRounds "10"]
[EventCountry "GER"]
[SourceTitle "Corr 2024"]
[Source "ChessBase"]
[SourceDate "2023.10.19"]
[SourceVersion "1"]
[SourceVersionDate "2023.10.19"]
[SourceQuality "1"]

1. e4 c5 2. Nf3 d6 3. d4 cxd4 4. Nxd4 Nf6 5. Nc3 a6 6. Bd3 e5 7. Nde2 Be7 8. 0-0 0-0 9. Ng3 Bg4 10. Be2 Be6 11. Be3 g6 12. Qd2 d5 13. exd5 Nxd5 14. Bh6 Re8 15. Bf3 Nxc3 16. Qxc3 Nd7 17. Bxb7 Rb8 18. Bxa6 Qb6 19. Be2 Rec8 20. Qf3 Qxb2 21. a4 Rxc2 22. Bb5 Nf6 23. h3 Rc3 24. Qd1 Rb3 25. Re1 Bb4 26. Rb1 Qxb1 1/2-1/2

[Event "WC-2021-T-00001"]
[Site "LSS email"]
[Date "2021.10.23"]
[Round "?"]
[White "Osipov, Anatoly"]
[Black "Kireev, Sergey Ivanovich"]
[Result "1/2-1/2"]
[WhiteElo "2439"]
[BlackElo "2403"]
[PlyCount "61"]
[EventDate "2021.10.23"]
[EventType "tourn (corr)"]
[EventRounds "10"]
[EventCountry "GER"]
[SourceTitle "Corr 2024"]
[Source "ChessBase"]
[SourceDate "2023.10.19"]
[SourceVersion "1"]
[SourceVersionDate "2023.10.19"]
[SourceQuality "1"]

1. e4 e5 2. Nf3 Nc6 3. Bb5 a6 4. Ba4 Nf6 5. 0-0 Be7 6. Re1 b5 7. Bb3 0-0 8. a4 b4 9. d4 d6 10. dxe5 Nxe5 11. Nxe5 dxe5 12. Qe2 Bc5 13. Be3 Bd4 14. Bxd4 Qxd4 15. Rd1 Bg4 16. Rxd4 Bxe2 17. Rd2 Rfd8 18. f3 Rxd2 19. Nxd2 Rd8 20. Kf2 Rxd2 21. Ke1 Rd6 22. Kxe2 a5 23. Bc4 Kf8 24. b3 Ke7 25. Ke3 Rd8 26. Rc1 c6 27. c3 Rb8 28. cxb4 Rxb4 29. Bd3 Kd6 30. Bc4 Ke7 31. Bd3 1/2-1/2

[Event "WC-2021-T-00001"]
[Site "LSS email"]
[Date "2021.10.23"]
[Round "?"]
[White "Szczepanski, Zbigniew"]
[Black "Kireev, Sergey Ivanovich"]
[Result "1/2-1/2"]
[WhiteElo "2398"]
[BlackElo "2403"]
[PlyCount "51"]
[EventDate "2021.10.23"]
[EventType "tourn (corr)"]
[EventRounds "10"]
[EventCountry "GER"]
[SourceTitle "Corr 2024"]
[Source "ChessBase"]
[SourceDate "2023.10.19"]
[SourceVersion "1"]
[SourceVersionDate "2023.10.19"]
[SourceQuality "1"]

1. d4 Nf6 2. c4 g6 3. g3 c6 4. Bg2 d5 5. Nf3 Bg7 6. 0-0 0-0 7. cxd5 cxd5 8. Nc3 Nc6 9. Ne5 Bf5 10. Nxc6 bxc6 11. Bf4 Nd7 12. Qd2 e5 13. dxe5 Nxe5 14. b3 Re8 15. Na4 Rc8 16. Rac1 Bf8 17. Bg5 Qd6 18. Be3 Nd7 19. Bf3 h5 20. Rfd1 a5 21. Nc5 Rxe3 22. Nxd7 Rxe2 23. Bxe2 Qxd7 24. Qxa5 Bh6 25. Rc3 Qe8 26. Qa6 1/2-1/2